[Event "Hamburg-chT Landesliga 2122"]
[Site "Hamburg"]
[Date "2021.10.31"]
[Round "1.2"]
[White "Conrad, Christian"]
[Black "Doberitz, Paul"]
[Result "1/2-1/2"]
[WhiteElo "2091"]
[BlackElo "2156"]
[PlyCount "126"]
[EventDate "2021.10.31"]
[EventType "team-tourn"]
[EventRounds "9"]
[EventCountry "GER"]
[SourceTitle "EXT 2023"]
[Source "ChessBase"]
[SourceDate "2022.10.05"]
[SourceVersion "1"]
[SourceVersionDate "2022.10.05"]
[SourceQuality "1"]
[WhiteTeam "Hamburg Koenigsspringer II"]
[BlackTeam "Hamburger SK VI"]
[WhiteTeamCountry "GER"]
[BlackTeamCountry "GER"]

1. d4 Nf6 2. Nf3 c5 3. d5 b5 4. c3 Bb7 5. e4 Nxe4 6. Bxb5 e6 7. dxe6 fxe6 8. 0-0 Be7 9. Qe2 0-0 10. Bd3 Nf6 11. Nbd2 Qc7 12. Ne5 Nc6 13. Ndc4 Nxe5 14. Nxe5 Rae8 15. Bf4 d6 16. Ng4 e5 17. Bg3 Qc6 18. Ne3 a6 19. c4 g6 20. f3 Qd7 21. Rad1 Nh5 22. Be4 Nf4 23. Qc2 Kg7 24. Be1 Ne6 25. Bc3 Nd4 26. Bxd4 exd4 27. Ng4 Bxe4 28. Qxe4 Bg5 29. Qd5 Be3+ 30. Nxe3 Re5 31. Rxd4 Rxd5 32. Rxd5 Re8 33. Re1 Re5 34. Rd2 h5 35. Rde2 g5 36. Nd5 Rxe2 37. Rxe2 Qf5 38. b3 Qd3 39. Kf2 Qd4+ 40. Kf1 a5 41. Nb6 Kf7 42. h3 Qf4 43. Re7+ Kf8 44. Re4 Qd2 45. Re2 Qd3 46. Kf2 Kf7 47. Re3 Qd4 48. Nd5 a4 49. Ne7 Qd2+ 50. Re2 Qd3 51. Re3 Qc2+ 52. Re2 axb3 53. axb3 Qxb3 54. Re4 Qc2+ 55. Kf1 g4 56. hxg4 hxg4 57. Nf5 Qd2 58. Ng3 gxf3 59. gxf3 d5 60. cxd5 c4 61. Ne2 Qd3 62. Kf2 Qxd5 63. Rf4+ Kg8 1/2-1/2

[Event "BL2-Nord 1920"]
[Site "Germany"]
[Date "2019.11.23"]
[Round "3.8"]
[White "Wachinger, Nikolas"]
[Black "Doberitz, Paul"]
[Result "1-0"]
[WhiteElo "2297"]
[BlackElo "2181"]
[PlyCount "99"]
[EventDate "2019.10.19"]
[EventType "team-tourn"]
[EventRounds "9"]
[EventCountry "GER"]
[SourceTitle "CBM 194 Extra"]
[Source "ChessBase"]
[SourceDate "2020.03.31"]
[SourceVersion "1"]
[SourceVersionDate "2020.03.31"]
[SourceQuality "1"]
[WhiteTeam "Werder Bremen II"]
[BlackTeam "Hamburger SK II"]
[WhiteTeamCountry "GER"]
[BlackTeamCountry "GER"]

1. e4 c5 2. Nf3 d6 3. Bb5+ Bd7 4. Bxd7+ Qxd7 5. c4 Nf6 6. Nc3 g6 7. d4 cxd4 8. Nxd4 Bg7 9. f3 0-0 10. Be3 Nc6 11. 0-0 Rac8 12. b3 Rfd8 13. Qd3 e6 14. Rad1 a6 15. Na4 Ne5 16. Qc2 Qc7 17. Qd2 d5 18. exd5 exd5 19. c5 Nfd7 20. Rc1 Re8 21. Rfe1 Nc6 22. Bf2 Be5 23. g3 Rcd8 24. Kg2 Nf8 25. b4 Ne6 26. Nxe6 fxe6 27. Nb6 Bg7 28. a4 Qf7 29. b5 axb5 30. axb5 Ne5 31. Qe2 d4 32. Rcd1 d3 33. Qe4 Qf5 34. f4 Qxe4+ 35. Rxe4 Ng4 36. Bg1 Kf7 37. Nc4 Bf8 38. h3 Nf6 39. Ne5+ Kg7 40. Ra4 Nd5 41. Rxd3 Ra8 42. Rda3 Rxa4 43. Rxa4 Rc8 44. Nd7 Be7 45. Ra7 Rc7 46. c6 bxc6 47. b6 Rxa7 48. bxa7 Nc7 49. Bb6 Na8 50. Bd4+ 1-0

[Event "BL2-Nord 1718"]
[Site "Germany"]
[Date "2018.01.21"]
[Round "5.8"]
[White "Lundin, Jan"]
[Black "Doberitz, Paul"]
[Result "0-1"]
[WhiteElo "2312"]
[BlackElo "2205"]
[PlyCount "70"]
[EventDate "2017.10.08"]
[EventType "team-tourn"]
[EventRounds "9"]
[EventCountry "GER"]
[SourceTitle "CBM 183 Extra"]
[Source "ChessBase"]
[SourceDate "2018.04.19"]
[SourceVersion "1"]
[SourceVersionDate "2018.04.19"]
[SourceQuality "1"]
[WhiteTeam "Berlin SF II"]
[BlackTeam "Hamburger SK II"]
[WhiteTeamCountry "GER"]
[BlackTeamCountry "GER"]

1. e4 c5 2. c3 d5 3. exd5 Qxd5 4. d4 Nc6 5. Nf3 Nf6 6. Be2 e6 7. 0-0 cxd4 8. Nxd4 Nxd4 9. cxd4 Qd6 10. Bf3 Be7 11. b3 0-0 12. Ba3 Qd7 13. Qc2 Bxa3 14. Nxa3 Qxd4 15. Nc4 Qf4 16. Qd1 e5 17. g3 Qf5 18. Nd6 Qe6 19. Nxc8 e4 20. Re1 Raxc8 21. Qd4 Rfe8 22. Qxa7 b6 23. Qa4 Qf5 24. Be2 h5 25. Qd4 h4 26. Rac1 hxg3 27. hxg3 e3 28. fxe3 Ne4 29. Rf1 Rxc1 30. Bd1 Qg5 31. g4 Qe5 32. Qd7 Rc7 33. Qa4 Re6 34. Bf3 Qg3+ 35. Bg2 Qxe3+ 0-1

[Event "BL2-Nord 1718"]
[Site "Germany"]
[Date "2017.11.12"]
[Round "3.8"]
[White "Rahls, Peter"]
[Black "Doberitz, Paul"]
[Result "1-0"]
[WhiteElo "2156"]
[BlackElo "2205"]
[PlyCount "64"]
[EventDate "2017.10.08"]
[EventType "team-tourn"]
[EventRounds "9"]
[EventCountry "GER"]
[SourceTitle "CBM 183 Extra"]
[Source "ChessBase"]
[SourceDate "2018.04.19"]
[SourceVersion "1"]
[SourceVersionDate "2018.04.19"]
[SourceQuality "1"]
[WhiteTeam "Zehlendorf"]
[BlackTeam "Hamburger SK II"]
[WhiteTeamCountry "GER"]
[BlackTeamCountry "GER"]

1. e4 c5 2. c3 d5 3. exd5 Qxd5 4. d4 g6 5. Nf3 Bg7 6. dxc5 Qxc5 7. Be3 Qc7 8. Qb3 Be6 9. Qa4+ Nc6 10. Na3 Nf6 11. Nb5 Qc8 12. Nxa7 Nd5 13. Qxc6+ Qxc6 14. Nxc6 bxc6 15. Bd4 f6 16. Bc4 Kd7 17. 0-0 Rhb8 18. b4 Bf5 19. Bxd5 cxd5 20. a4 e5 21. Bc5 Bh6 22. Be3 Bf8 23. Rfc1 Bd3 24. Nd2 f5 25. Nb3 f4 26. Nc5+ Bxc5 27. Bxc5 Rc8 28. f3 Ke6 29. Re1 Kf5 30. Rad1 Bc4 31. a5 Rd8 32. g4+ Kf6 1-0

[Event "BL2-Nord 1617"]
[Site "Germany"]
[Date "2017.05.07"]
[Round "9.8"]
[White "Olsen, Filip Boe"]
[Black "Doberitz, Paul"]
[Result "1/2-1/2"]
[WhiteElo "2189"]
[BlackElo "2194"]
[PlyCount "191"]
[EventDate "2016.10.16"]
[EventType "team-tourn"]
[EventRounds "9"]
[EventCountry "GER"]
[SourceTitle "EXT 2018"]
[Source "ChessBase"]
[SourceDate "2017.10.13"]
[SourceVersion "1"]
[SourceVersionDate "2017.10.13"]
[SourceQuality "1"]
[WhiteTeam "Kiel Turm"]
[BlackTeam "Hamburger SK II"]
[WhiteTeamCountry "GER"]
[BlackTeamCountry "GER"]

1. d4 Nf6 2. Nf3 g6 3. Bf4 Bg7 4. e3 0-0 5. Be2 b6 6. 0-0 Bb7 7. h3 d6 8. c4 Nbd7 9. Nc3 Ne4 10. Nxe4 Bxe4 11. Nd2 Bb7 12. Bh2 c5 13. Bf3 Qc7 14. Bxb7 Qxb7 15. Nf3 Rfc8 16. Rc1 a6 17. b3 b5 18. Qd3 b4 19. Bg3 a5 20. Bh4 Nb6 21. dxc5 Rxc5 22. Nd4 Rac8 23. e4 Nd7 24. f3 Ne5 25. Qd2 Ra8 26. Bf2 Rcc8 27. Rfd1 Ra6 28. Qe2 Rca8 29. c5 dxc5 30. Rxc5 a4 31. Rdc1 axb3 32. axb3 Ra2 33. Qf1 Qa6 34. Qxa6 R8xa6 35. Rc8+ Bf8 36. Be3 Kg7 37. Nc2 Rc6 38. Nxb4 Rxc8 39. Rxc8 Ra1+ 40. Kh2 Rb1 41. Bd4 f6 42. Bxe5 fxe5 43. Na6 Kf7 44. Nc5 Bh6 45. Nd3 Rxb3 46. Nxe5+ Ke6 47. Nc4 Kd7 48. Rc5 Bf4+ 49. g3 Bd6 50. Rd5 Ke6 51. Kg2 Rb4 52. Nxd6 Rb2+ 53. Kf1 exd6 54. h4 h5 55. Ke1 Ra2 56. Rd2 Ra3 57. Ke2 Ra5 58. Ke3 Ke5 59. Rd3 Rb5 60. f4+ Ke6 61. Kf3 Rb1 62. Rd5 Rb3+ 63. Kg2 Rb2+ 64. Kh3 Re2 65. Rg5 Kf6 66. f5 gxf5 67. exf5 d5 68. Rxh5 d4 69. Kg4 d3 70. Rh6+ Ke5 71. Re6+ Kd4 72. Kf3 Rh2 73. Rd6+ Ke5 74. Rxd3 Kxf5 75. Rd5+ Kg6 76. Kg4 Ra2 77. Rd6+ Kg7 78. h5 Ra5 79. Kh4 Rb5 80. g4 Rb4 81. h6+ Kh7 82. Kh5 Rb5+ 83. g5 Ra5 84. Rd7+ Kg8 85. Rg7+ Kh8 86. Rf7 Rb5 87. Kg6 Rb8 88. Rf6 Ra8 89. Re6 Rg8+ 90. Kf7 Rxg5 91. Kf6 Rg1 92. Re7 Rf1+ 93. Kg6 Rg1+ 94. Kf6 Rf1+ 95. Kg6 Rg1+ 96. Kf6 1/2-1/2

[Event "BL2-Nord 1617"]
[Site "Germany"]
[Date "2017.03.19"]
[Round "7.8"]
[White "Dudzinski, Pawel"]
[Black "Doberitz, Paul"]
[Result "0-1"]
[WhiteElo "2248"]
[BlackElo "2193"]
[PlyCount "108"]
[EventDate "2016.10.16"]
[EventType "team-tourn"]
[EventRounds "9"]
[EventCountry "GER"]
[SourceTitle "EXT 2018"]
[Source "ChessBase"]
[SourceDate "2017.10.13"]
[SourceVersion "1"]
[SourceVersionDate "2017.10.13"]
[SourceQuality "1"]
[WhiteTeam "Ruedersdorf"]
[BlackTeam "Hamburger SK II"]
[WhiteTeamCountry "GER"]
[BlackTeamCountry "GER"]

1. e4 c5 2. Nc3 Nc6 3. g3 g6 4. Bg2 Bg7 5. d3 e6 6. Be3 d6 7. Qd2 Rb8 8. Nge2 Nd4 9. Nd1 Nxe2 10. Qxe2 Ne7 11. Qd2 h5 12. d4 b6 13. Nc3 0-0 14. 0-0-0 c4 15. d5 e5 16. f4 b5 17. Nb1 b4 18. fxe5 Bxe5 19. Bd4 Qa5 20. Bxe5 dxe5 21. c3 Qxa2 22. cxb4 Bd7 23. Qc3 a5 24. Qa3 Qxa3 25. Nxa3 axb4 26. Nxc4 Ba4 27. Rd3 Rfc8 28. b3 Bxb3 29. Rxb3 Rxc4+ 30. Kd2 Ra8 31. Rhb1 Ra2+ 32. R1b2 Rxb2+ 33. Rxb2 Nc8 34. Rc2 Rd4+ 35. Ke3 Nd6 36. Rc6 Nc4+ 37. Kf2 b3 38. Bf1 b2 39. Rc8+ Kg7 40. Rb8 Rd1 41. Bxc4 b1Q 42. Rxb1 Rxb1 43. h4 Rb4 44. Bd3 Kf6 45. Ke3 Ke7 46. Be2 Kd6 47. g4 Rb3+ 48. Kf2 hxg4 49. Bxg4 Rb4 50. Ke3 f5 51. Bf3 Rb2 52. exf5 gxf5 53. h5 e4 54. Bd1 Ke5 0-1

[Event "Hamburg St Pauli op-A"]
[Site "Hamburg"]
[Date "2015.07.20"]
[Round "4"]
[White "Doberitz, Paul"]
[Black "Light, Bjarne"]
[Result "1/2-1/2"]
[WhiteElo "2156"]
[BlackElo "2255"]
[PlyCount "129"]
[EventDate "2015.07.18"]
[EventType "swiss"]
[EventRounds "9"]
[EventCountry "GER"]
[SourceTitle "EXT 2016"]
[Source "ChessBase"]
[SourceDate "2015.10.08"]
[SourceVersion "1"]
[SourceVersionDate "2015.10.08"]
[SourceQuality "1"]

1. g3 Nf6 2. Bg2 e6 3. c4 d5 4. Nf3 Be7 5. 0-0 0-0 6. b3 b6 7. cxd5 exd5 8. Bb2 c5 9. d4 Nc6 10. Nc3 Bb7 11. dxc5 bxc5 12. Rc1 Rc8 13. Na4 Ne4 14. Ne1 Nb4 15. a3 Na6 16. Nd3 Qd7 17. Nf4 Rcd8 18. Qc2 Rfe8 19. Rfd1 Bf8 20. f3 Ng5 21. Nxd5 Bxd5 22. e4 Bxe4 23. Rxd7 Bxc2 24. Rxd8 Rxd8 25. Rxc2 Ne6 26. Kf2 Nac7 27. Bf1 Nd4 28. Bxd4 Rxd4 29. Nxc5 g6 30. a4 Nd5 31. Ne4 Rb4 32. Rd2 Ne7 33. Bc4 Nc6 34. Rd7 Ne5 35. Rxa7 Nxc4 36. bxc4 Rxc4 37. Ke3 Rc2 38. h4 Ra2 39. Kf4 Bb4 40. h5 Kg7 41. Ng5 Bd2+ 42. Kg4 Bxg5 43. Kxg5 h6+ 44. Kg4 Kf6 45. Ra6+ Kg7 46. hxg6 fxg6 47. Kf4 Ra3 48. g4 g5+ 49. Ke4 Rb3 50. a5 Ra3 51. Ra8 Kg6 52. a6 Kg7 53. Kd5 Rxf3 54. Rb8 Ra3 55. Rb6 h5 56. gxh5 g4 57. Rg6+ Kh7 58. Kc5 g3 59. Kb6 Rb3+ 60. Ka7 Ra3 61. Kb7 Rb3+ 62. Ka8 Ra3 63. a7 Rb3 64. Rg4 Kh8 65. Rg5 1/2-1/2

[Event "GER-ch U25 op-A"]
[Site "Willingen"]
[Date "2015.05.29"]
[Round "8"]
[White "Doberitz, Paul"]
[Black "Terhuven, Patrick"]
[Result "1/2-1/2"]
[WhiteElo "2162"]
[BlackElo "1873"]
[PlyCount "42"]
[EventDate "2015.05.24"]
[EventType "swiss"]
[EventRounds "9"]
[EventCountry "GER"]
[SourceTitle "CBM 166 Extra"]
[Source "ChessBase"]
[SourceDate "2015.06.18"]
[SourceVersion "1"]
[SourceVersionDate "2015.06.18"]
[SourceQuality "1"]

1. e4 c5 2. Nf3 Nc6 3. d4 cxd4 4. Nxd4 g6 5. Nc3 Bg7 6. Be3 Nf6 7. Bc4 0-0 8. Bb3 d6 9. f3 Bd7 10. Qd2 Rc8 11. 0-0-0 Ne5 12. Kb1 Nc4 13. Bxc4 Rxc4 14. g4 b5 15. b3 b4 16. bxc4 bxc3 17. Qxc3 Qc7 18. Qd3 Rb8+ 19. Ka1 Be8 20. Rb1 Rc8 21. c3 Nd7 1/2-1/2

[Event "GER-ch U25 op-A"]
[Site "Willingen"]
[Date "2015.05.26"]
[Round "5"]
[White "Borchert, Louis"]
[Black "Doberitz, Paul"]
[Result "0-1"]
[WhiteElo "1829"]
[BlackElo "2162"]
[PlyCount "94"]
[EventDate "2015.05.24"]
[EventType "swiss"]
[EventRounds "9"]
[EventCountry "GER"]
[SourceTitle "CBM 166 Extra"]
[Source "ChessBase"]
[SourceDate "2015.06.18"]
[SourceVersion "1"]
[SourceVersionDate "2015.06.18"]
[SourceQuality "1"]

1. e4 d6 2. d4 Nf6 3. Nc3 g6 4. Be3 Bg7 5. Nge2 c6 6. Qd2 0-0 7. Bh6 b5 8. Ng3 e5 9. Bxg7 Kxg7 10. h4 Qe7 11. h5 exd4 12. Qxd4 Be6 13. 0-0-0 b4 14. Nce2 d5 15. exd5 cxd5 16. Qh4 Nc6 17. Nd4 Nxd4 18. Rxd4 a5 19. Rf4 Ng8 20. Qxe7 Nxe7 21. Be2 Rfc8 22. Bg4 Ra6 23. Rd1 f5 24. Be2 Rac6 25. Rd2 g5 26. Rf3 f4 27. Nf1 Bf5 28. Bd3 Bg4 29. Nh2 Bxf3 30. Nxf3 h6 31. Kd1 Kf6 32. Nd4 Rd6 33. Re2 Nc6 34. Nxc6 Rdxc6 35. Kd2 Re6 36. Rxe6+ Kxe6 37. Be2 Kf5 38. f3 Re8 39. Bd1 Re3 40. Be2 Ke5 41. Bd1 Kd4 42. Be2 a4 43. Bd3 g4 44. Be2 g3 45. Bf1 a3 46. b3 Re5 47. Bd3 Rxh5 0-1

[Event "GER-ch U25 op-A"]
[Site "Willingen"]
[Date "2015.05.26"]
[Round "4"]
[White "Doberitz, Paul"]
[Black "Heldt, Nils Lennart"]
[Result "1/2-1/2"]
[WhiteElo "2162"]
[BlackElo "1763"]
[PlyCount "78"]
[EventDate "2015.05.24"]
[EventType "swiss"]
[EventRounds "9"]
[EventCountry "GER"]
[SourceTitle "CBM 166 Extra"]
[Source "ChessBase"]
[SourceDate "2015.06.18"]
[SourceVersion "1"]
[SourceVersionDate "2015.06.18"]
[SourceQuality "1"]

1. e4 e5 2. Nf3 Nc6 3. Bb5 a6 4. Ba4 Nf6 5. 0-0 Be7 6. Re1 b5 7. Bb3 d6 8. c3 0-0 9. d3 Bg4 10. Nbd2 Na5 11. Bc2 c5 12. Nf1 Qc7 13. h3 Bxf3 14. Qxf3 Nc6 15. Bg5 Nd7 16. Bd2 b4 17. Ne3 a5 18. Nf5 Kh8 19. Bb3 Nb6 20. Bd5 Bf6 21. g4 Bd8 22. Kg2 Nxd5 23. exd5 Ne7 24. Ng3 Qd7 25. Qe4 f5 26. gxf5 Nxf5 27. Nxf5 Qxf5 28. Qxf5 Rxf5 29. d4 Bh4 30. Be3 exd4 31. cxd4 Rxd5 32. dxc5 dxc5 33. Rac1 Bf6 34. Re2 Re8 35. Kf1 Kg8 36. Rxc5 Rxc5 37. Bxc5 Rxe2 38. Kxe2 Bxb2 39. Kd3 Kf7 1/2-1/2

[Event "GER-ch U25 op-A"]
[Site "Willingen"]
[Date "2015.05.25"]
[Round "3"]
[White "Erofeev, Anastasia"]
[Black "Doberitz, Paul"]
[Result "1/2-1/2"]
[WhiteElo "1888"]
[BlackElo "2162"]
[PlyCount "40"]
[EventDate "2015.05.24"]
[EventType "swiss"]
[EventRounds "9"]
[EventCountry "GER"]
[SourceTitle "CBM 166 Extra"]
[Source "ChessBase"]
[SourceDate "2015.06.18"]
[SourceVersion "1"]
[SourceVersionDate "2015.06.18"]
[SourceQuality "1"]

1. e4 d6 2. d4 Nf6 3. Nc3 g6 4. f4 Bg7 5. Nf3 0-0 6. Bd3 Nbd7 7. e5 Ne8 8. Be3 c5 9. Qe2 Qb6 10. Nd5 Qa5+ 11. Bd2 Qd8 12. Bc3 cxd4 13. Bxd4 dxe5 14. fxe5 Qa5+ 15. Nc3 Nb8 16. 0-0-0 Nc6 17. Bc4 Bg4 18. Nd5 e6 19. Bc3 Qa4 20. Bb3 Bxf3 1/2-1/2

[Event "BL2-Nord 1415"]
[Site "Germany"]
[Date "2014.10.19"]
[Round "2.8"]
[White "Westphal, Wolfgang"]
[Black "Doberitz, Paul"]
[Result "1/2-1/2"]
[WhiteElo "2144"]
[BlackElo "2206"]
[PlyCount "43"]
[EventDate "2014.09.21"]
[EventType "team-tourn"]
[EventRounds "9"]
[EventCountry "GER"]
[SourceTitle "CBM 166 Extra"]
[Source "ChessBase"]
[SourceDate "2015.06.18"]
[SourceVersion "1"]
[SourceVersionDate "2015.06.18"]
[SourceQuality "1"]
[WhiteTeam "Schwerin"]
[BlackTeam "Hamburger SK II"]
[WhiteTeamCountry "GER"]
[BlackTeamCountry "GER"]

1. e4 d6 2. d4 Nf6 3. Nc3 g6 4. Be2 Bg7 5. e5 dxe5 6. dxe5 Qxd1+ 7. Bxd1 Ng4 8. f4 h5 9. h3 Nh6 10. Be3 Bd7 11. Bf3 Nc6 12. Nge2 0-0-0 13. 0-0-0 Nf5 14. Bf2 h4 15. Ne4 b6 16. Ng5 Nxe5 17. Bg4 Nxg4 18. hxg4 Nh6 19. Rxh4 Nxg4 20. Rxd7 Nxf2 21. Rxh8 Kxd7 22. Rxd8+ 1/2-1/2

[Event "Pardubice Czech op-B 25th"]
[Site "Pardubice"]
[Date "2014.07.19"]
[Round "2"]
[White "Doberitz, Paul"]
[Black "Zpevakova, Jana"]
[Result "1/2-1/2"]
[WhiteElo "2220"]
[BlackElo "2016"]
[PlyCount "130"]
[EventDate "2014.07.18"]
[EventType "swiss"]
[EventRounds "9"]
[EventCountry "CZE"]
[SourceTitle "EXT 2015"]
[Source "ChessBase"]
[SourceDate "2014.11.20"]
[SourceVersion "1"]
[SourceVersionDate "2014.11.20"]
[SourceQuality "1"]

1. e4 e6 2. d4 d5 3. Nc3 Bb4 4. exd5 exd5 5. Bd3 Nc6 6. Nge2 Nge7 7. Bg5 f6 8. Bf4 Bf5 9. Bxf5 Nxf5 10. Qd3 Qd7 11. 0-0 Bxc3 12. Qxc3 0-0 13. Qh3 Nce7 14. Qd3 c6 15. h3 Rae8 16. a4 Ng6 17. Bd2 Nd6 18. Bb4 Re6 19. a5 Rfe8 20. Nc3 Ne4 21. Nxe4 Rxe4 22. Bd2 Nh4 23. a6 b6 24. Rfe1 Qf7 25. Rxe4 dxe4 26. Qb3 Qxb3 27. cxb3 Nf5 28. Be3 Rd8 29. Rc1 Ne7 30. Kf1 Rd5 31. b4 Kf7 32. Ke2 Ke6 33. f3 exf3+ 34. Kxf3 Kd7 35. Ke4 Rb5 36. Bd2 Nd5 37. Rc4 f5+ 38. Kd3 f4 39. Ke4 g5 40. Kd3 h5 41. Ke4 Kd6 42. h4 Nf6+ 43. Kf3 Kd5 44. b3 Ne4 45. Be1 gxh4 46. Kxf4 Nd6 47. Rc2 Ke6 48. Rxc6 Rf5+ 49. Ke3 Kd7 50. Rc2 Rg5 51. Bxh4 Rg4 52. Bf6 Rg3+ 53. Kf4 Rxb3 54. Re2 Nc8 55. Kg5 Rxb4 56. Kxh5 Ra4 57. g4 Rxa6 58. g5 b5 59. Re5 Rb6 60. g6 Rxf6 61. g7 Rf1 62. Rd5+ Kc6 63. Rc5+ Kd7 64. Rd5+ Kc6 65. Rc5+ Kd7 1/2-1/2

[Event "Magdeburg op-A"]
[Site "Magdeburg"]
[Date "2014.06.10"]
[Round "4"]
[White "Alten, Silvio"]
[Black "Doberitz, Paul"]
[Result "0-1"]
[WhiteElo "1838"]
[BlackElo "2173"]
[PlyCount "122"]
[EventDate "2014.06.08"]
[EventType "swiss"]
[EventRounds "9"]
[EventCountry "GER"]
[SourceTitle "CBM 160 Extra"]
[Source "ChessBase"]
[SourceDate "2014.07.01"]
[SourceVersion "1"]
[SourceVersionDate "2014.07.01"]
[SourceQuality "1"]

1. e4 d6 2. d4 Nf6 3. Nc3 g6 4. Nf3 Bg7 5. Bc4 c6 6. Bb3 0-0 7. 0-0 Qc7 8. h3 Nbd7 9. a4 e5 10. Be3 b6 11. dxe5 Nxe5 12. Nxe5 dxe5 13. Qe2 Nh5 14. Rfd1 Nf4 15. Qf1 Ne6 16. Bc4 f5 17. f3 Kh8 18. Bd3 Qe7 19. a5 b5 20. Qf2 f4 21. Bd2 g5 22. Na2 Nd4 23. Nb4 Rf6 24. Bxb5 Nxb5 25. Nd3 Nd4 26. Bb4 Qc7 27. Nxe5 c5 28. Bxc5 Qxc5 29. Qxd4 Qxd4+ 30. Rxd4 Rf8 31. Rd5 Be6 32. Rd6 Bxe5 33. Rxe6 Bxb2 34. Rd1 Rac8 35. Re7 Rxc2 36. Rxa7 Rc4 37. Kh2 Bd4 38. Rd7 Bf2 39. a6 Ra4 40. R7d5 h6 41. Rd6 Bg3+ 42. Kh1 Ra8 43. Rxh6+ Kg7 44. Rhd6 R4xa6 45. Rxa6 Rxa6 46. Kg1 Ra2 47. Kh1 Kf6 48. Kg1 Bf2+ 49. Kh1 Re2 50. Kh2 Re1 51. Rxe1 Bxe1 52. Kg1 Ke5 53. Kf1 Bb4 54. Ke2 Kd4 55. Kf2 Bd6 56. Kg1 Ke3 57. h4 gxh4 58. Kh2 Kf2 59. Kh3 Kg1 60. Kxh4 Kxg2 61. Kg4 Bc7 0-1

[Event "BL2-Nord 1314"]
[Site "Germany"]
[Date "2013.11.24"]
[Round "3.7"]
[White "Steffens, Olaf"]
[Black "Doberitz, Paul"]
[Result "1-0"]
[WhiteElo "2194"]
[BlackElo "2235"]
[PlyCount "37"]
[EventDate "2013.10.13"]
[EventType "team-tourn"]
[EventRounds "9"]
[EventCountry "GER"]
[SourceTitle "EXT 2015"]
[Source "ChessBase"]
[SourceDate "2014.11.20"]
[SourceVersion "1"]
[SourceVersionDate "2014.11.20"]
[SourceQuality "1"]
[WhiteTeam "Werder Bremen II"]
[BlackTeam "Hamburger SK II"]
[WhiteTeamCountry "GER"]
[BlackTeamCountry "GER"]

1. b4 d5 2. Bb2 Qd6 3. a3 e5 4. Nf3 f6 5. e3 Be6 6. d4 Nd7 7. c4 dxc4 8. Qc2 b5 9. Nc3 c6 10. Rd1 Qc7 11. dxe5 Nxe5 12. Nd4 Bd7 13. f4 Ng4 14. Qe4+ Ne7 15. Be2 f5 16. Ndxb5 Qb8 17. Qd4 cxb5 18. Qxd7+ Kf7 19. Nxb5 1-0

[Event "Vlissingen HZ op 17th"]
[Site "Vlissingen"]
[Date "2013.08.06"]
[Round "5"]
[White "Lalith, Babu MR"]
[Black "Doberitz, Paul"]
[Result "1-0"]
[WhiteElo "2576"]
[BlackElo "2254"]
[PlyCount "69"]
[EventDate "2013.08.03"]
[EventType "swiss"]
[EventRounds "9"]
[EventCountry "NED"]
[SourceTitle "CBM 155 Extra"]
[Source "ChessBase"]
[SourceDate "2013.08.26"]
[SourceVersion "1"]
[SourceVersionDate "2013.08.26"]
[SourceQuality "1"]

1. Nf3 g6 2. c4 Bg7 3. d4 c5 4. e4 cxd4 5. Nxd4 Nc6 6. Be3 d6 7. Nc3 Nf6 8. Be2 0-0 9. 0-0 Bd7 10. Qd2 Nxd4 11. Bxd4 Bc6 12. f3 Nd7 13. Be3 a5 14. b3 Qc7 15. Rab1 Nc5 16. Rfc1 Rfc8 17. Rc2 Qd8 18. a3 Qf8 19. b4 axb4 20. axb4 Na4 21. Nd5 h5 22. Rb3 Qe8 23. Bg5 Bxd5 24. exd5 b5 25. cxb5 Rxc2 26. Qxc2 Rc8 27. Qd3 Nb2 28. Qe4 Qd7 29. Be3 Na4 30. Qd3 Nc3 31. Ra3 Qb7 32. Bf1 Nxd5 33. Ra7 Nxb4 34. Qb3 Qb8 35. Qxb4 1-0